| 000 | 00000nam##2200000za#4500 |
| 001 | 9.571423 |
| 003 | CaOODSP |
| 005 | 20240527135426 |
| 007 | cr ||||||||||| |
| 008 | 150406|2000||||xxc|||||o f|0| 0 eng|d |
| 040 | |aCaOODSP|beng |
| 043 | |an-cn--- |
| 086 | 1 |aCW69-5/337E-PDF |
| 110 | 2 |aCanadian Wildlife Service. |
| 245 | 10|aMethods for the determination of metals in wildlife tissues using various atomic absorption spectrophotometry techniques / |h[electronic resource]|c[by] E.A. Neugebauer, G.L. Sans Cartier and B.J. Wakeford. |
| 260 | |bEnvironment Canada. |c2000. |
| 300 | |a65p.|bgraphs, references, tables |
| 490 | 1 |aCanadian Wildlife Service, technical report series|v337 |
| 500 | |aThe catalogue number (CW69-5/337E) and ISBN (0-662-28024-5) for the print edition have been incorrectly copied in this electronic publication. |
| 546 | |a(Préface en français.) |
| 590 | |a12-04-Supp|b2012-02-20 |
| 690 | 07|aToxicology|2gcpds |
| 690 | 07|aWildlife|2gcpds |
| 720 | 1 |aNeugebauer, E. A. |
| 720 | 1 |aSans Cartier, G. L. |
| 720 | 1 |aWakeford, B. J. |
| 776 | 0#|tMethods for the determination of metals in wildlife tissues using various atomic absorption spectrophotometry techniques / |w(CaOODSP)9.614886 |
| 830 | #0|aTechnical report series (Canadian Wildlife Service)|v337|w(CaOODSP)9.504438 |
| 856 | 40|ahttp://publications.gc.ca|qPDF|s1.37 MB|uhttps://publications.gc.ca/collections/Collection/CW69-5-337E.pdf|y337 |